LEADER 01472nam a2200313 a 4500 001 000000104386 003 CaOOAMICUS 005 20070320124843.0 008 070320s2006 vc u000 0 ita d 020 $a88-209-7843-1 040 $aPUG$bita$dPUL$dLDB 100 1 $aZuanazzi, Gianfrancesco.$0(OLS)http://pul/name/34116 245 10$aPsicologia e psichiatria nelle cause matrimoniali canoniche /$cGianfrancesco Zuanazzi. 260 $aCittà del Vaticano :$bLibreria editrice vaticana,$c2006. 300 $a384 p. ;$c24 cm 490 1 $aStudi giuridici (Libreria editrice Vaticana) ;$v073 500 $aIndice: p. 359-384. 504 $aBibliografia: p. 335-357. 650 14$aDiritto processuale canonico.$0(OLS)http://pul/subject/29586 650 14$aMatrimonio (diritto canonico).$0(OLS)http://pul/subject/475 830 0$aStudi giuridici (Libreria editrice Vaticana) ;$v073.$0(OLS)http://pul/title/782 850 $aPUL 852 $aPUL$W1$xSL Diritto Canonico 3$y77$m262. 99 CAN.6 2.73$j116767$qDDC 21$B116760$CPULBib$Z2$F116760 $H102987 $82 941 1 $a9 960 $aDiritto canonico processuale$929586 960 $aDiritto matrimoniale canonico$9475 996 $6020$a88-209-7843-1$9(OLS)http://pul/number/133921 996 $6245$aPsicologia e psichiatria nelle cause matrimoniali canoniche$9(OLS)http://pul/title/131290 996 $6260$aCittà del Vaticano :$bLibreria editrice vaticana$9(OLS)http://pul/publisher/47920 LEADER 02761nam a2200433 a 4500 001 000000173824 003 CaOOAMICUS 005 20200910104513.0 008 200907s1746 it a u000 u ita r 026 $at-e- t.ne ,eam vumo (3) 1746 (R) 032 $aLibriCat 040 $aPUL$bita 100 1 $aMaffei, Scipione,$cmarchese,$d1675-1755.$0(OLS)http://pul/name/6910 245 00$aDell'impiego del danaro libri tre. Alla santità di nostro signore Benedetto decimoquarto Seconda edizione accresciuta d'una lettera enciclica di Sua Santità e d'altra lettera dell'autore alla medesima Santità Sua. 250 $aSeconda edizione 260 $aIn Roma :$bNella Stamperia di Giambatista Bernaḅ, e Giuseppe Lazzarini,$c1746. 300 $aXXXVI, 300 p. ;$c4° (25 cm). 500 $aFrontespizio in rosso e nero. 500 $aFrontoni iniziali e capilettera illustrati. 500 $aNome dell'autore nella dedica a c. a2r. 500 $aFregio calcogr. a p. viii sottoscritto: G.B. Sintes. 500 $aVignetta calcogr. con stemma di Benedetto 14.sul front. 546 $aTesto in italiano con citazioni in latino, greco ed ebraico. 650 4$aDenaro$xAspetti etici e sociali.$0(OLS)http://pul/subject/41487 650 4$aUsura.$0(OLS)http://pul/subject/3860 650 4$aInteresse e usura.$0(OLS)http://pul/subject/8120 700 1 $aSintes, Giovanni Battista,$dca. 1680-ca.1760.$0(OLS)http://pul/name/111657 710 2 $aBernaḅ, Giovanni Battista et Lazzarini, Giuseppe.$0(OLS)http://pul/name/111658 710 2 $aPapi (1740-1758 : Benedictus PP. XIV).$tVix pervenit.$0(OLS)http://pul/nameTitle/1961$0(OLS)http://pul/name/18435$0(OLS)http://pul/title/215028 850 $aPUL 852 $aPUL$W1$xDP1 Antico 700$y26$m515 A 1$j197785$qStampati Antico$B202618$CPULBib$Z2$F202618 $82 900 $aBenedictus PP.$bXIV,$d1675-1758$918435 900 $aBenedictus PP.$bXIV,$d1675-1758$918435 900 $aLambertini, Prospero,$d1675-1758$918435 941 1 $a15 961 $aLegatura in pelle chiara ; Tagli spruzzati in rosso; Precedente collocazione manoscritta sulla coperta: Reg. Cart.22; su v. della coperta anteriore : F-3 (?); illegibile su targhetta rettangolare bordata di azzurro. Precedente appartenenza: Monastero di S. Alessio (S. A.); Nota manoscritta su front. cassata. 996 $6245$aDell'impiego del danaro libri tre. Alla santità di nostro signore Benedetto decimoquarto Seconda edizione accresciuta d'una lettera enciclica di Sua Santità e d'altra lettera dell'autore alla medesima Santità Sua$9(OLS)http://pul/title/215019 996 $6260$aIn Roma :$bNella Stamperia di Giambatista Bernaḅ, e Giuseppe Lazzarini$9(OLS)http://pul/publisher/87333